[Event "Euro Online U2300 Day 2"]
[Site "chess.com INT"]
[Date "2020.05.26"]
[Round "1"]
[White "Martirosyan, Haik M."]
[Black "Ohanyan, Emin"]
[Result "1-0"]
[WhiteTitle "GM"]
[BlackTitle "FM"]
[WhiteElo "2617"]
[BlackElo "2291"]
[WhiteFideId "13306553"]
[BlackFideId "13312022"]
[EventDate "2020.05.26"]

1. d4 Nf6 2. Nf3 e6 3. c4 c5 4. d5 exd5 5. cxd5 d6 6. Nc3 a6 7. a4 g6 8. Bf4 Bg7
9. e3 O-O 10. h3 Re8 11. Nd2 Bf5 12. Be2 Ne4 13. Ndxe4 Bxe4 14. O-O Bf5 15. a5
Qc7 16. Qa4 Nd7 17. Rfc1 Ne5 18. e4 Bd7 19. Qd1 f5 20. exf5 Bxf5 21. Na4 Rf8 22.
Qd2 Rae8 23. b4 c4 24. Nb6 Qe7 25. Bxc4 Nxc4 26. Nxc4 Bxa1 27. Rxa1 Qe2 28. Nxd6
Qxd2 29. Bxd2 Rd8 30. Nxb7 Rxd5 31. Be3 Rb8 32. Nc5 Bc8 33. Ne4 Kf7 34. Bc5 Bf5
35. Nd6+ Ke6 36. Re1+ Kd7 37. Nxf5 Rxf5 38. Re7+ Kc6 39. Rxh7 Rf6 40. Ra7 Kb5
41. g4 Re6 42. Kg2 Rd8 43. Rb7+ Kc4 44. Rf7 Rd3 45. h4 Re4 46. f3 Re6 47. Kg3
Rd5 48. g5 Rd1 49. Rf6 Rxf6 50. gxf6 Rd7 51. Be7 Rxe7 52. fxe7 1-0

[Event "Euro Online U2300 Day 2"]
[Site "chess.com INT"]
[Date "2020.05.26"]
[Round "1"]
[White "Yordanov, Lachezar"]
[Black "Simet, Martin"]
[Result "0-1"]
[WhiteTitle "FM"]
[BlackTitle "FM"]
[WhiteElo "2307"]
[BlackElo "2194"]
[WhiteFideId "2918927"]
[BlackFideId "377244"]
[EventDate "2020.05.26"]

1. d4 Nf6 2. c4 e6 3. Nc3 Bb4 4. f3 d5 5. a3 Be7 6. e4 O-O 7. e5 Ne8 8. f4 c5 9.
Nf3 cxd4 10. Nxd4 Nc6 11. Be3 Nc7 12. cxd5 Nxd5 13. Nxc6 bxc6 14. Nxd5 cxd5 15.
Bd3 Rb8 16. Qd2 Bh4+ 17. g3 Be7 18. Bd4 Bd7 19. Bxa7 Rxb2 20. Qxb2 Qa5+ 21. Ke2
Qxa7 22. Rhc1 Rb8 23. Qc3 Rc8 24. Qxc8+ Bxc8 25. Rxc8+ Bf8 26. Rb1 g6 27. Rbb8
Qg1 28. Rxf8+ Kg7 29. a4 Qxh2+ 30. Kd1 Qxg3 31. Kc2 Qxf4 32. Rg8+ Kh6 33. Bb5
Qf2+ 34. Kb3 d4 35. Rgd8 Qe3+ 36. Ka2 Qd2+ 37. Kb1 Qb4+ 38. Kc2 Qc3+ 39. Kb1 Kg5
40. Rbc8 Qb4+ 41. Kc2 h5 42. Rc4 Qe1 43. Rdxd4 Qxe5 44. Kb3 Qe3+ 45. Kb4 Qe1+
46. Kc5 e5 47. Rd5 Qe3+ 48. Kc6 h4 49. a5 f5 50. a6 h3 51. Rc2 Qg1 52. Rdd2 e4
53. Kb7 e3 54. Rh2 Qb1 55. Rb2 Qe4+ 56. Bc6 Qe7+ 57. Kb6 Qd8+ 58. Kb7 Qe7+ 59.
Kc8 Qa7 60. Bb7 Kg4 61. Rb1 Kg3 62. Re2 f4 63. Rg1+ Kh4 64. Rxg6 Qc5+ 65. Kb8
Qf8+ 66. Ka7 f3 67. Rc2 e2 68. Rc4+ Kh5 69. Rcg4 Qc5+ 70. Ka8 e1=Q 71. Rg8 Qef2
72. Kb8 Qd6+ 73. Ka8 Qdc5 74. Kb8 Qa7+ 75. Kc8 Qc2+ 76. Kd7 Qf5+ 77. Kd6 Qxg4 0-1

[Event "Euro Online U2300 Day 2"]
[Site "chess.com INT"]
[Date "2020.05.26"]
[Round "1"]
[White "Golubenko, Valentina"]
[Black "Zubcu, Vlad-George"]
[Result "1-0"]
[WhiteTitle "WGM"]
[WhiteElo "2209"]
[BlackElo "2199"]
[WhiteFideId "4501993"]
[BlackFideId "1219715"]
[EventDate "2020.05.26"]

1. d4 Nf6 2. c4 e6 3. Nc3 Bb4 4. Qc2 O-O 5. Nf3 b6 6. e4 d5 7. e5 Ne4 8. Bd3 Bb7
9. O-O Bxc3 10. bxc3 Nd7 11. cxd5 exd5 12. Bxe4 dxe4 13. Ng5 c5 14. Nxe4 cxd4
15. cxd4 Rc8 16. Qe2 Bd5 17. Ba3 Bc4 18. Qg4 Bxf1 19. Bxf8 Nxf8 20. Rxf1 Rc6 21.
Nd6 Qd7 22. Qf3 h6 23. Nxf7 Rg6 24. Nd6 Ne6 25. Qe4 Rg5 26. h4 Rh5 27. Qg4 1-0

[Event "Euro Online U2300 Day 2"]
[Site "chess.com INT"]
[Date "2020.05.26"]
[Round "1"]
[White "Mikheev, Aleksey"]
[Black "Doric, Nenad"]
[Result "1-0"]
[BlackTitle "IM"]
[WhiteElo "2239"]
[BlackElo "2249"]
[WhiteFideId "24177660"]
[BlackFideId "14501694"]
[EventDate "2020.05.26"]

1. e4 e5 2. Nf3 Nc6 3. Nc3 Nf6 4. Be2 Bb4 5. Nd5 Bc5 6. d3 h6 7. c3 d6 8. b4 Bb6
9. Nxb6 axb6 10. O-O O-O 11. h3 Nh7 12. b5 Ne7 13. d4 Ng6 14. Be3 Qe7 15. Qc2
Re8 16. dxe5 Nxe5 17. Nd4 Ng6 18. Bd3 Nf6 19. Nf5 Bxf5 20. exf5 Ne5 21. Be2 Ra5
22. Bd4 Ned7 23. Bf3 Rxb5 24. Bxb7 Qe2 25. Qxe2 Rxe2 26. Ba6 Reb2 27. Bxb5 Rxb5
28. g4 Ra5 29. Rfe1 Kf8 30. Kg2 Nd5 31. c4 Nf4+ 32. Kg3 Nd3 33. Re3 N3e5 34.
Rae1 Kg8 35. f4 Nxc4 36. Re8+ Kh7 37. R8e7 Ra3+ 38. Kh4 Nd2 39. R1e3 Rxe3 40.
Bxe3 Nc4 41. Rxd7 Nxe3 42. Rxc7 Kg8 43. Rc6 d5 44. Rxb6 Kf8 45. Kg3 Ke7 46. Kf3
Nc4 47. Rb7+ Kf6 48. Rd7 1-0

[Event "Euro Online U2300 Day 2"]
[Site "chess.com INT"]
[Date "2020.05.26"]
[Round "1"]
[White "Rusu, Vlad"]
[Black "Kashtanov, Ruslan"]
[Result "1/2-1/2"]
[BlackTitle "IM"]
[WhiteElo "1833"]
[BlackElo "2376"]
[WhiteFideId "55623344"]
[BlackFideId "4124871"]
[EventDate "2020.05.26"]

1. e4 c5 2. Nf3 e6 3. c3 Nf6 4. e5 Nd5 5. d4 cxd4 6. cxd4 b6 7. Nc3 Bb7 8. Bd3
Be7 9. O-O O-O 10. a3 f5 11. exf6 Nxf6 12. Bd2 Qe8 13. Re1 Qh5 14. Ne4 Nxe4 15.
Bxe4 Bxe4 16. Rxe4 Nc6 17. Ne5 Qxd1+ 18. Rxd1 Nxe5 19. dxe5 Rac8 20. Be1 Rfd8
21. Red4 Rc7 22. b4 Kf7 23. f3 Ke8 24. h4 Rc2 25. R4d3 h5 26. f4 Rc4 27. g3 Rc2
28. Bf2 Rc7 29. Kg2 Rc2 30. Kf3 Rc4 31. g4 hxg4+ 32. Kxg4 Rc2 33. Bg3 g6 34. h5
gxh5+ 35. Kxh5 Rg2 36. Kg4 1/2-1/2

[Event "Euro Online U2300 Day 2"]
[Site "chess.com INT"]
[Date "2020.05.26"]
[Round "1"]
[White "Pankratov, Oleg"]
[Black "Khalafova, Narmin"]
[Result "1/2-1/2"]
[BlackTitle "WGM"]
[WhiteElo "2104"]
[BlackElo "2279"]
[WhiteFideId "24115290"]
[BlackFideId "13402625"]
[EventDate "2020.05.26"]

1. d4 d6 2. c4 g6 3. Nc3 Bg7 4. e4 e5 5. Nge2 Nc6 6. d5 Nce7 7. Ng3 f5 8. exf5
Nxf5 9. Nxf5 Bxf5 10. Bd3 Ne7 11. O-O O-O 12. Be2 h6 13. g4 Bd7 14. Be3 g5 15.
Bd3 Kh8 16. f3 Ng8 17. Kg2 Qc8 18. c5 Nf6 19. Rc1 Qd8 20. Qd2 Ng8 21. Bb1 Qe7
22. Qd3 Nf6 23. cxd6 cxd6 24. h4 gxh4 25. Rh1 e4 26. Nxe4 Nxe4 27. Qxe4 Qxe4 28.
Bxe4 Rac8 29. Rxh4 Kg8 30. Rxc8 Rxc8 31. Bxh6 Bxb2 32. Bf4 Bb5 33. Bf5 Rc4 34.
Bxd6 Rc1 35. Rh7 Bd4 36. Rxb7 Rg1+ 37. Kh2 Bf1 38. Be6+ Kh8 39. Rb8+ Kh7 40.
Bf5+ Kh6 41. Bf4+ Kg7 42. Rb4 Rg2+ 43. Kh1 Rg1+ 44. Kh2 Rg2+ 45. Kh1 Rg1+ 46.
Kh2 1/2-1/2

[Event "Euro Online U2300 Day 2"]
[Site "chess.com INT"]
[Date "2020.05.26"]
[Round "1"]
[White "Jafarli, Babak"]
[Black "Marjanovic, Annamaria"]
[Result "1-0"]
[BlackTitle "WGM"]
[WhiteElo "2020"]
[BlackElo "2338"]
[WhiteFideId "13406019"]
[BlackFideId "750930"]
[EventDate "2020.05.26"]

1. e4 e6 2. Nc3 d5 3. d4 Nf6 4. e5 Nfd7 5. Nce2 c5 6. f4 Nc6 7. Nf3 Qb6 8. c3
Be7 9. g3 a5 10. Bg2 O-O 11. O-O a4 12. Kh1 f6 13. exf6 Nxf6 14. Ne5 Bd7 15.
Nxd7 Nxd7 16. f5 exf5 17. dxc5 Qxc5 18. Qxd5+ Qxd5 19. Bxd5+ Kh8 20. Bf4 Nb6 21.
Bg2 Bf6 22. Rad1 g6 23. Nd4 Na5 24. Ne6 Rf7 25. Ng5 Re7 26. Rd6 Nd7 27. Rfd1
Rae8 28. Bf1 h6 29. Nf3 g5 30. Bc1 Ne5 31. Nxe5 Bxe5 32. Rxh6+ Kg7 33. Rb6 Bf6
34. Kg2 Re1 35. Rd7+ R8e7 36. Rxe7+ Bxe7 37. Bd2 Ra1 38. c4 Nc6 39. Rxb7 Rxa2
40. Bc3+ Kf8 41. Rb5 f4 42. gxf4 gxf4 43. Rf5+ Ke8 44. Rxf4 a3 45. Rf2 axb2 46.
Rxb2 Ra3 47. Be1 Ra1 48. Bg3 Rc1 49. Be2 Nd4 50. Bh5+ Kf8 51. Rb8+ Kg7 52. Be5+
Kh6 53. Bf4+ Kxh5 54. Bxc1 Ne2 55. Re8 Nxc1 56. Rxe7 Nd3 57. c5 Kg6 58. c6 Nf4+
59. Kf3 Nd5 60. Rd7 Nb6 61. Rd6+ Kf7 62. c7 Nc8 63. Rd8 1-0

[Event "Euro Online U2300 Day 2"]
[Site "chess.com INT"]
[Date "2020.05.26"]
[Round "1"]
[White "Grebnev, Aleksey"]
[Black "De Verdier, Michael"]
[Result "1-0"]
[BlackTitle "FM"]
[WhiteElo "2223"]
[BlackElo "2291"]
[WhiteFideId "34189030"]
[BlackFideId "1710516"]
[EventDate "2020.05.26"]

1. c4 Nf6 2. Nc3 c5 3. g3 g6 4. Bg2 Bg7 5. e3 O-O 6. Nge2 d6 7. O-O Nc6 8. Rb1
Bd7 9. a3 a5 10. d3 Qc8 11. Re1 h5 12. Nd5 Nxd5 13. Bxd5 h4 14. Bd2 Ne5 15. Bc3
Bc6 16. Nf4 e6 17. Bxc6 Qxc6 18. e4 hxg3 19. hxg3 b5 20. cxb5 Qxb5 21. Kg2 Rfd8
22. d4 cxd4 23. Qxd4 Rac8 24. Rbd1 Rc4 25. Qd2 Qc6 26. Qe2 a4 27. f3 Rxc3 28.
bxc3 Qxc3 29. Qe3 Nc4 30. Qxc3 Bxc3 31. Re2 Nxa3 32. Ra2 Nc4 33. Rc1 Ne3+ 34.
Kf2 Bd4 35. Rxa4 e5 36. Ne2 Nd1+ 37. Ke1 Nb2 38. Ra3 Bc5 39. Rb3 Na4 40. Rc4 Nb6
41. Rxc5 dxc5 42. Rxb6 Rd3 43. Kf2 1-0

[Event "Euro Online U2300 Day 2"]
[Site "chess.com INT"]
[Date "2020.05.26"]
[Round "1"]
[White "Ivanisvili, Andrejs"]
[Black "Salimova, Nurgyul"]
[Result "0-1"]
[BlackTitle "IM"]
[WhiteElo "2233"]
[BlackElo "2372"]
[WhiteFideId "11601485"]
[BlackFideId "2915138"]
[EventDate "2020.05.26"]

1. d4 Nf6 2. Nf3 d5 3. c4 e6 4. Nc3 c6 5. e3 Nbd7 6. a3 Bd6 7. Bd3 O-O 8. O-O e5
9. cxd5 cxd5 10. dxe5 Nxe5 11. Be2 Be6 12. b4 Nxf3+ 13. Bxf3 Bxh2+ 14. Kxh2 Qc7+
15. Kg1 Qxc3 16. Bd2 Qe5 17. Rc1 Rac8 18. Qa4 a6 19. Rxc8 Rxc8 20. Rc1 Rxc1+ 21.
Bxc1 Qc3 22. Qd1 h5 23. Qd2 Qxd2 24. Bxd2 Bg4 25. Bxg4 Nxg4 26. Kf1 f6 27. f4
Kf7 28. Ke2 Ke6 29. Bc3 Nh6 30. Kf3 Nf5 31. e4 dxe4+ 32. Kxe4 Nd6+ 33. Kd3 Kd5
34. Bd2 b5 35. Bc1 Nf5 36. Bd2 Nh4 37. g3 Nf5 38. Be1 g6 39. Bf2 g5 40. fxg5
fxg5 41. Be1 h4 42. gxh4 gxh4 43. Bd2 Ke5 44. Bc3+ Kf4 45. Ke2 Ke4 46. Bf6 h3
47. Kf2 Ne3 48. Kg3 h2 0-1

[Event "Euro Online U2300 Day 2"]
[Site "chess.com INT"]
[Date "2020.05.26"]
[Round "1"]
[White "Strybuk, Artsiom I"]
[Black "Werle, Iozefina"]
[Result "1-0"]
[WhiteTitle "FM"]
[BlackTitle "WGM"]
[WhiteElo "2215"]
[BlackElo "2300"]
[WhiteFideId "13515659"]
[BlackFideId "1213261"]
[EventDate "2020.05.26"]

1. d4 e6 2. c4 Nf6 3. g3 d5 4. Nf3 Bb4+ 5. Bd2 Be7 6. Bg2 O-O 7. O-O c6 8. Qc2
Nbd7 9. Bf4 Ne4 10. Ne5 g5 11. Nxd7 Bxd7 12. Bc1 h6 13. Bxe4 dxe4 14. Qxe4 Bf6
15. Nc3 Bg7 16. b3 Qf6 17. Be3 Rae8 18. Rad1 e5 19. d5 Bf5 20. Qg2 Rd8 21. dxc6
bxc6 22. Bc5 Rfe8 23. Ne4 Qg6 24. Nd6 Re6 25. Nxf5 Rxd1 26. Nxh6+ Bxh6 27. Rxd1
Qc2 28. Rd8+ Kh7 29. Qf3 f5 30. Qh5 Rg6 31. Rd7+ Rg7 32. Rd6 Qb1+ 33. Kg2 Qe4+
34. f3 Qxe2+ 35. Bf2 1-0

[Event "Euro Online U2300 Day 2"]
[Site "chess.com INT"]
[Date "2020.05.26"]
[Round "1"]
[White "Laptii, Nazar"]
[Black "Petriashvili, Nikoloz"]
[Result "0-1"]
[BlackTitle "IM"]
[WhiteElo "2180"]
[BlackElo "2423"]
[WhiteFideId "14174332"]
[BlackFideId "13611216"]
[EventDate "2020.05.26"]

1. e4 c6 2. d4 d5 3. exd5 cxd5 4. Bd3 Nc6 5. c3 Nf6 6. Bf4 g6 7. Nf3 Bg7 8. Nbd2
O-O 9. h3 b6 10. O-O Bb7 11. Qe2 e6 12. Ne5 Nd7 13. Nxc6 Bxc6 14. Nf3 Re8 15.
Rae1 Qe7 16. Qd2 b5 17. h4 a5 18. Bg5 Qd6 19. Bf4 Qe7 20. Bg5 f6 21. Bf4 e5 22.
dxe5 fxe5 23. Nd4 Qc5 24. Nxc6 Qxc6 25. Bg5 e4 26. Bc2 Nb6 27. Rd1 a4 28. Be3
Rad8 29. Bxb6 Qxb6 30. Qf4 Rf8 31. Qe3 Qc6 32. Rd2 Be5 33. Rfd1 Bf4 34. Qd4 Bxd2
35. Rxd2 Qc4 36. Qxc4 dxc4 37. Re2 Rfe8 38. Bxe4 Rd1+ 39. Kh2 Kg7 40. a3 Kf6 41.
f3 Red8 42. Kg3 R8d2 43. Kf2 Rxe2+ 44. Kxe2 Rg1 45. g4 Rg2+ 46. Ke3 Rxb2 47. Kd4
Rb3 48. Bc6 h6 49. f4 Ke7 50. g5 h5 51. Be4 Rxa3 52. Bxg6 Ra1 53. f5 a3 54. f6+
Kf8 55. Bc2 Rf1 56. g6 Rxf6 0-1

[Event "Euro Online U2300 Day 2"]
[Site "chess.com INT"]
[Date "2020.05.26"]
[Round "1"]
[White "Svane, Frederik"]
[Black "Sherman, Reem"]
[Result "0-1"]
[WhiteElo "2421"]
[BlackElo "2146"]
[WhiteFideId "12923044"]
[BlackFideId "2822288"]
[EventDate "2020.05.26"]

1. e4 c5 2. Nf3 g6 3. d4 cxd4 4. Nxd4 Bg7 5. Nc3 Nc6 6. Nb3 Nf6 7. Be2 O-O 8.
O-O d6 9. Bg5 a5 10. a4 Be6 11. Re1 Rc8 12. Bf1 h6 13. Bh4 Nd7 14. f4 Nb4 15. f5
Bxb3 16. cxb3 g5 17. Bf2 Rxc3 18. bxc3 Bxc3 19. Rc1 Bxe1 20. Qxe1 Ne5 21. Qd2
Kh7 22. Kh1 Nbc6 23. Be2 Rg8 24. Be3 Qf8 25. g4 Qg7 26. Kg2 Nd7 27. Rh1 Nc5 28.
Bf3 Nxb3 29. Qf2 Nbd4 30. h4 Nxf3 31. Qxf3 gxh4 32. Rxh4 Ne5 33. Bxh6 Nxf3 34.
Bxg7+ Nxh4+ 0-1

[Event "Euro Online U2300 Day 2"]
[Site "chess.com INT"]
[Date "2020.05.26"]
[Round "1"]
[White "Bashirli, Nail"]
[Black "Spitzl, Vinzent"]
[Result "1-0"]
[WhiteTitle "IM"]
[BlackTitle "FM"]
[WhiteElo "2382"]
[BlackElo "2346"]
[WhiteFideId "13406809"]
[BlackFideId "12901253"]
[EventDate "2020.05.26"]

1. e4 c5 2. Nf3 d6 3. Nc3 Nf6 4. e5 dxe5 5. Nxe5 g6 6. Bc4 e6 7. Qf3 Bg7 8. d3
O-O 9. Bg5 h6 10. Bh4 g5 11. Bg3 Nbd7 12. h4 Nxe5 13. Bxe5 g4 14. Qe2 b5 15.
Bxb5 Bb7 16. Rg1 h5 17. O-O-O Nd5 18. Bxg7 Kxg7 19. Ne4 Rc8 20. f3 Qxh4 21. g3
Qe7 22. fxg4 f5 23. gxf5 exf5 24. Qxh5 fxe4 25. Qg4+ Kf7 26. dxe4 Nf6 27. Bc4+
Ke8 28. Qg6+ Rf7 29. e5 Ne4 30. e6 1-0

[Event "Euro Online U2300 Day 2"]
[Site "chess.com INT"]
[Date "2020.05.26"]
[Round "1"]
[White "Marchesich, Giovanni"]
[Black "Tereladze, Sopiko"]
[Result "1-0"]
[BlackTitle "WIM"]
[WhiteElo "2046"]
[BlackElo "2141"]
[WhiteFideId "2824790"]
[BlackFideId "13600486"]
[EventDate "2020.05.26"]

1. e4 e5 2. Nf3 Nc6 3. Bb5 a6 4. Ba4 Nf6 5. O-O Be7 6. Re1 b5 7. Bb3 O-O 8. c3
d5 9. exd5 Nxd5 10. Nxe5 Nxe5 11. Rxe5 c6 12. d3 Bd6 13. Re1 Qh4 14. g3 Qh3 15.
Re4 Bd7 16. Rh4 Qf5 17. Nd2 Be7 18. Rh5 Qg6 19. Re5 Bd6 20. Re1 Bg4 21. Qc2 Rae8
22. Re4 Nf4 23. f3 Rxe4 24. Nxe4 Bxf3 25. Bxf4 Bxf4 26. Re1 Bc7 27. Qf2 Bg4 28.
Ng5 Be6 29. Nxe6 fxe6 30. Bxe6+ Qxe6 31. Rxe6 Rxf2 32. Kxf2 1-0

[Event "Euro Online U2300 Day 2"]
[Site "chess.com INT"]
[Date "2020.05.26"]
[Round "1"]
[White "Sernecki, Franciszek"]
[Black "Dornbusch, Tatiana"]
[Result "1/2-1/2"]
[WhiteTitle "FM"]
[BlackTitle "WGM"]
[WhiteElo "2243"]
[BlackElo "2268"]
[WhiteFideId "1169297"]
[BlackFideId "14107449"]
[EventDate "2020.05.26"]

1. e4 Nf6 2. e5 Nd5 3. c4 Nb6 4. d4 d6 5. exd6 exd6 6. Nc3 Be7 7. Bd3 Nc6 8.
Nge2 Bg4 9. Be3 O-O 10. b3 Bf6 11. Qd2 Re8 12. O-O d5 13. c5 Nc8 14. h3 Bxe2 15.
Bxe2 N8e7 16. Bf3 Nf5 17. Nxd5 Bxd4 18. Rad1 Nxe3 19. Nxe3 Bxc5 20. Bxc6 Qxd2
21. Rxd2 bxc6 22. Nc4 Rad8 23. Rfd1 Rxd2 24. Rxd2 Kf8 25. Rd7 Re7 26. Rd8+ Re8
27. Rd7 Re7 28. Rd8+ Re8 29. Rd7 1/2-1/2

[Event "Euro Online U2300 Day 2"]
[Site "chess.com INT"]
[Date "2020.05.26"]
[Round "1"]
[White "Peycheva, Gergana"]
[Black "Khojayan, Vardan"]
[Result "1-0"]
[WhiteTitle "FM"]
[WhiteElo "2255"]
[BlackElo "2266"]
[WhiteFideId "2916711"]
[BlackFideId "13303520"]
[EventDate "2020.05.26"]

1. d4 Nf6 2. c4 e6 3. Nc3 Bb4 4. e3 O-O 5. Ne2 c6 6. a3 Ba5 7. b4 Bc7 8. Ng3 d5
9. Bd3 Nbd7 10. O-O e5 11. cxd5 cxd5 12. Nb5 Bb8 13. dxe5 Nxe5 14. Be2 Bg4 15.
Bb2 Re8 16. Rc1 a6 17. Nd4 Bxe2 18. Qxe2 Nc4 19. Rfd1 Bxg3 20. hxg3 Qd7 21. Ba1
Ne4 22. Nb3 Rad8 23. Rxc4 dxc4 24. Rxd7 Rxd7 25. Nc5 Nxc5 26. bxc5 Rd3 27. Qb2
f6 28. Qc2 Kh8 29. Bd4 Rxa3 30. Qxc4 Re7 31. c6 bxc6 32. Qc5 1-0

[Event "Euro Online U2300 Day 2"]
[Site "chess.com INT"]
[Date "2020.05.26"]
[Round "1"]
[White "Poghosyan, Suren"]
[Black "Mostbauer, Florian"]
[Result "1-0"]
[WhiteTitle "FM"]
[BlackTitle "FM"]
[WhiteElo "2275"]
[BlackElo "2309"]
[WhiteFideId "13303201"]
[BlackFideId "1626671"]
[EventDate "2020.05.26"]

1. d4 d5 2. c4 c6 3. Nf3 Nf6 4. Nc3 dxc4 5. a4 Bf5 6. Ne5 Nbd7 7. Nxc4 Qc7 8. g3
e5 9. dxe5 Nxe5 10. Bf4 Nfd7 11. Qc1 g5 12. Bxe5 Nxe5 13. Qxg5 Nxc4 14. Qxf5 Qe5
15. Qxe5+ Nxe5 16. O-O-O Rd8 17. Rxd8+ Kxd8 18. f4 Nc4 19. e4 Ne3 20. Bd3 Kc7
21. Kd2 Ng4 22. e5 f6 23. Be2 h5 24. h3 Nf2 25. Rh2 Bc5 26. exf6 Rd8+ 27. Ke1
Nd3+ 28. Bxd3 Rxd3 29. g4 Rf3 30. f5 h4 31. Ke2 Re3+ 32. Kd2 Kd8 33. f7 Rf3 34.
Ne4 Be7 35. f6 Bf8 36. g5 1-0

[Event "Euro Online U2300 Day 2"]
[Site "chess.com INT"]
[Date "2020.05.26"]
[Round "1"]
[White "Sirosh, Ilja"]
[Black "Skalsky, Alexandr"]
[Result "1-0"]
[WhiteTitle "IM"]
[WhiteElo "2405"]
[BlackElo "2251"]
[WhiteFideId "4500458"]
[BlackFideId "381799"]
[EventDate "2020.05.26"]

1. d4 Nf6 2. c4 g6 3. Nc3 d5 4. cxd5 Nxd5 5. e4 Nxc3 6. bxc3 Bg7 7. Bc4 c5 8.
Ne2 Nc6 9. Be3 O-O 10. h4 Qa5 11. O-O h5 12. Rb1 cxd4 13. cxd4 Rd8 14. Qb3 e6
15. d5 exd5 16. Bxd5 Rd7 17. f4 Re7 18. f5 gxf5 19. Bg5 Rc7 20. Qg3 Kh7 21. Qf3
Ne5 22. Qxh5+ Kg8 23. Rb3 Be6 24. Bxe6 fxe6 25. exf5 exf5 26. Rxf5 Qe1+ 27. Rf1
Qa5 28. Rg3 Qc5+ 29. Be3 Qb5 30. Nd4 Re8 31. Nf5 Nf3+ 32. Qxf3 Rf8 33. Ne7+ Rxe7
34. Qxf8+ 1-0

[Event "Euro Online U2300 Day 2"]
[Site "chess.com INT"]
[Date "2020.05.26"]
[Round "1"]
[White "Vanek, Tomas"]
[Black "Ivic, Velimir"]
[Result "0-1"]
[WhiteTitle "FM"]
[BlackTitle "GM"]
[WhiteElo "2080"]
[BlackElo "2548"]
[WhiteFideId "313459"]
[BlackFideId "950122"]
[EventDate "2020.05.26"]

1. e4 c5 2. Nf3 Nc6 3. c3 Nf6 4. Bd3 d6 5. O-O g6 6. Bc2 Bg4 7. Re1 Bg7 8. h3
Bxf3 9. Qxf3 O-O 10. Qe3 Nd7 11. Na3 Rb8 12. Rb1 b5 13. b3 b4 14. Nc4 Nb6 15.
Nxb6 axb6 16. Bb2 bxc3 17. dxc3 b5 18. Bd3 b4 19. c4 Bxb2 20. Rxb2 e5 21. f4
exf4 22. Qxf4 Qe7 23. Rf2 Qe5 24. Qxe5 Nxe5 25. Bb1 f6 26. g4 Nc6 27. Kh2 Nd4
28. Kg3 Kg7 29. Ref1 Rbe8 30. h4 h6 31. Rd1 Re5 32. Rdf1 Ree8 33. Bd3 Ra8 34.
Bb1 Rf7 35. g5 hxg5 36. hxg5 Raf8 37. gxf6+ Rxf6 38. Rxf6 Rxf6 39. Rxf6 Kxf6 40.
Kf4 Ne2+ 41. Ke3 Nc3 42. Bc2 Nxa2 43. e5+ dxe5 44. Ke4 Nc3+ 45. Ke3 g5 46. Bd3
e4 47. Bxe4 Nxe4 48. Kxe4 Ke6 49. Kf3 Kf5 50. Kg3 Ke4 51. Kg2 Kd3 0-1

[Event "Euro Online U2300 Day 2"]
[Site "chess.com INT"]
[Date "2020.05.26"]
[Round "1"]
[White "Can, Melih Kaan"]
[Black "Budisavljevic, Luka"]
[Result "1/2-1/2"]
[BlackTitle "FM"]
[WhiteElo "2105"]
[BlackElo "2444"]
[WhiteFideId "6317383"]
[BlackFideId "960047"]
[EventDate "2020.05.26"]

1. e4 c5 2. Nf3 e6 3. c3 d5 4. exd5 Qxd5 5. d4 Nf6 6. Be2 Nc6 7. Be3 cxd4 8.
cxd4 Be7 9. Nc3 Qd6 10. O-O O-O 11. a3 b6 12. b4 Bb7 13. Qb3 Rac8 14. Rfd1 Rfd8
15. Rac1 h6 16. h3 Bf8 17. Rc2 Ne7 18. Ne5 Ned5 19. Rdc1 Nxc3 20. Rxc3 Rxc3 21.
Rxc3 Nd5 22. Rc1 Rc8 23. Rxc8 Bxc8 24. Bh5 g6 25. Bf3 Bb7 26. Qc2 Bg7 27. Qc1 g5
28. Bh5 Bxe5 29. dxe5 Qxe5 30. Bd2 Nf6 31. Bc3 Qc7 32. Be2 Nd5 33. Bd2 Qxc1+ 34.
Bxc1 Kg7 35. g3 f6 36. Kf1 Nc3 37. Bd3 Be4 38. Bc4 Bd5 39. Bd3 e5 40. Bd2 Na4
41. Ke2 Nb2 42. Bc3 Nxd3 43. Kxd3 Kg6 44. Ke3 Bg2 45. h4 gxh4 46. gxh4 Kf5 47.
f3 Bf1 48. a4 Bc4 49. Bd2 Bb3 50. a5 h5 51. Kf2 bxa5 52. bxa5 a6 53. Ke3 Ke6 54.
f4 Bc2 55. fxe5 fxe5 56. Bb4 Kf5 57. Be7 Bb3 58. Bg5 Ke6 59. Bd8 Kd5 60. Bb6 Kc4
61. Bd8 Kd5 1/2-1/2

[Event "Euro Online U2300 Day 2"]
[Site "chess.com INT"]
[Date "2020.05.26"]
[Round "1"]
[White "Injac, Teodora"]
[Black "Svicevic, Rastko"]
[Result "1-0"]
[WhiteTitle "WIM"]
[BlackTitle "FM"]
[WhiteElo "2286"]
[BlackElo "2215"]
[WhiteFideId "932400"]
[BlackFideId "916315"]
[EventDate "2020.05.26"]

1. d4 d5 2. c4 e6 3. Nc3 f5 4. Bf4 c6 5. e3 Nf6 6. h3 Bd6 7. Nf3 Ne4 8. Bxd6
Qxd6 9. Qc2 Nd7 10. Bd3 O-O 11. a3 Kh8 12. h4 b6 13. Ne2 Ba6 14. Nf4 Rac8 15.
Ng5 Rce8 16. Qa4 e5 17. dxe5 Qxe5 18. Bxe4 Nc5 19. Qxc6 Bb7 20. Ng6+ Kg8 21.
Nxe5 Bxc6 22. Nxc6 fxe4 23. O-O dxc4 24. Nxa7 Nd3 25. Rab1 Rf5 26. Nc6 Rb5 27.
Nd4 Rxb2 28. Rxb2 Nxb2 29. Rb1 c3 30. Kf1 Rc8 31. Nc2 Rd8 32. Nxe4 Nc4 33. Ke2
Nd2 34. Rd1 Ra8 35. Nxd2 cxd2 36. Rxd2 Kf7 37. e4 1-0

[Event "Euro Online U2300 Day 2"]
[Site "chess.com INT"]
[Date "2020.05.26"]
[Round "1"]
[White "Martinkus, Rolandas"]
[Black "Khachatryan, Anna"]
[Result "1-0"]
[WhiteTitle "FM"]
[BlackTitle "WFM"]
[WhiteElo "2117"]
[BlackElo "2071"]
[WhiteFideId "12800481"]
[BlackFideId "13310780"]
[EventDate "2020.05.26"]

1. Nf3 Nf6 2. c4 c5 3. g3 g6 4. Bg2 Bg7 5. O-O O-O 6. d4 d6 7. Nc3 Nc6 8. d5 Na5
9. Nd2 a6 10. e4 Rb8 11. Rb1 b5 12. b3 e6 13. dxe6 Bxe6 14. cxb5 axb5 15. Qe2 b4
16. Na4 Nc6 17. Bb2 Qe7 18. Rfd1 Nd7 19. Nc4 Nd4 20. Bxd4 Bxd4 21. Rbc1 Ne5 22.
h3 Nxc4 23. bxc4 Qa7 24. Qc2 Ra8 25. Nb2 Qxa2 26. Rb1 Ra3 27. Rd2 Rb3 28. Qc1
Bxb2 29. Rbxb2 Rxb2 30. Rxb2 Qxc4 31. Rc2 Qa6 32. Bf1 Qb6 33. e5 Rc8 34. exd6
Qxd6 35. Rd2 Qe5 36. Ba6 Rc7 37. Rd8+ Kg7 38. Kh2 h5 39. h4 c4 40. Qd2 c3 41.
Qd3 b3 42. f4 Qf6 43. Qd6 Re7 44. Qb8 c2 45. Rh8 Bc8 46. Qxc8 Re2+ 47. Bxe2 1-0